Kanye Numbers Quiz - Statistics

General Stats
  • This quiz has been taken 28 times
    15 since last reset
  • The average score is 16 of 21
Answer Stats
Hint Answer % Correct
"One good girl is worth a ________ b*tches" (Bound 2) 1000
100%
"I'm living in that ___st century, doing something mean to it" (POWER) 21
100%
"I met this girl when I was ____ years old" (Homecoming) 3
100%
"I take my chain, my ____ seconds of fame" (Last Call) 15
92%
"_____ years, _____ years, she got one of your kids, got you for ______ years" (Gold Digger) 18
92%
"We/I wasn't supposed to make it past _______ "(We Don't Care/Saint Pablo) 25
92%
"But I still drove ___ hours, and I, I still drove _____ hours to you, yeah" (___ Hours) 30
92%
"They got my mouth wired shut for like I don't know the doctor said like ___ weeks" (Through the Wire) 6
92%
I keep it ____, like the Romans" (Black Skinhead) 300
83%
"When my campaign turned to canned pain, I burned ____ billion to take off my chains" (BURN) 8
83%
"The second verse is for my dogs working ___ to ____" (We Don't Care) 95
83%
"Til I quit, started back up again, ____ years later" (Life of the Party) 20
75%
24-7, ____, p*ssy stays on my mind" (Runaway) 365
75%
"___ hours, ____ candles, _____ hours" (*SONG NAME*) 24
67%
"If she get the a** with it, that's a ___ pop" (Yikes) 50
67%
"Was just a secretary, worked at the church for _____ years" (Roses) 35
58%
"Yeah-yeah, _:____, L.A. Time" (Saint Pablo) 908
58%
"Years ahead but way behind, I'm on __, __, __, __, __" (Ghost Town) 12345
50%
"_:___ the car missin', no text backs or call misses..." (*SONG NAME*) 530
50%
"Textin' and driving' down Mulholland Drive, that's why I'd rather take the ____" (No More Parties in LA) 405
42%
"_____ souls murdered in 50 hours" (Murder to Excellence) 41
42%
No matching quizzes found
Score Distribution
Percent of People with Each Score
Percentile by Number Answered
Your Score History
You have not taken this quiz since the last reset